| 000 | 00473nam a2200157Ia 4500 | ||
|---|---|---|---|
| 003 | OSt | ||
| 005 | 20200519120747.0 | ||
| 008 | 190216s9999||||xx |||||||||||||| ||und|| | ||
| 040 | _coclc | ||
| 082 |
_a297.095483 _bKUN/M |
||
| 100 |
_a Kunju, A P Ibrahim _92208 |
||
| 245 | 0 |
_aMappila Muslims Of Kerala / _c A P Ibrahim Kunju |
|
| 260 |
_bSandhy Pubs, _aTrivandrum: _c1989. |
||
| 300 | _a317p | ||
| 942 |
_cBK _2ddc _h297.095483 _iKUN/M _k297.095483 _mKUN/M |
||
| 999 |
_c21032 _d21032 |
||